00974 a2200229 45000010006000000050017000060080041000230030015000640400040000790800046001192450041001650200022002062640046002283000024002745050248002980410008005461000031005547000021005857000020006067000023006268560095006494077620260407155703.0260407a2010 arg spa dAR-UNSa-BCEJYS aAR-UNSa-BCEJYSbspacAR-UNSa-BCEJYS a338.22xPolítica económica en general10aEconomic policypTheory and practice a978-0-19-532273-6 1aNew York :bOxford University Pressc2010 axii, 709 p.c24 cm. a1. Concepts - 2. Economic policy in a complex world - 3. Fiscal policy - 4. Monetary policy - 5. International financial integration and foreign-exchange policy - 6. Growth Policies - 7. Tax Policy - 8. Economic policy and the 2007-09 crisis  aspa1 aBénassy-Quéré, Agnes1 aCoeuré, Benoit1 aJacquet, Pierre1 aPisani-Ferry, Jean41uhttps://biblioeco.unsa.edu.ar/pmb/images/libros/L126238.jpgyImagen de portadaqimage/jpeg